Role of Democracy in National Integration. (Record no. 5068)

MARC details
000 -LEADER
fixed length control field 00641nam a2200241 a 4500
020 ## - INTERNATIONAL STANDARD BOOK NUMBER
ISBN
082 00 - DEWEY DECIMAL CLASSIFICATION NUMBER
Classification number 327.172
Author Cutter RED
100 ## - MAIN ENTRY--AUTHOR NAME
Author name Reddy, B V Subba
245 ## - TITLE STATEMENT
Title Role of Democracy in National Integration.
260 ## - PUBLICATION, DISTRIBUTION, ETC. (IMPRINT)
Place of publication Hyderabad
Name of publisher Instt. Ofindo-Middle East Cultural Studi
Year of publication 1968
300 ## - PHYSICAL DESCRIPTION
Number of Pages 23p
500 ## - GENERAL NOTE
General note includes index and biblioraphy
505 2# - FORMATTED CONTENTS NOTE
Formatted contents note Hyderabad Fellowship Publications No. 2.
650 ## - SUBJECT ADDED ENTRY--TOPICAL TERM
Topical Term Peace
942 ## - ADDED ENTRY ELEMENTS (KOHA)
Koha item type Books
700 1# -
-- Reddy, B V Subba
Holdings
Collection code Home library Current library Date acquired Cost, normal purchase price Full call number Accession Number Koha item type
  Henry Martyn Institute Library Henry Martyn Institute Library 04/19/2007 100.00 327.172 RED 06319 Books
                   Copyright © 2026 | Henry Martyn Institute | Hyderabad | TS-500052 | INDIA | Implemented by hmi.edu.in
Hit-Count:

Powered by Koha